01212nam a2200289 a 450000100100000000500170001000800410002702000150006804000250008308200230010810000280013124500950015925000110025426000390026530000280030449000460033250000320037850000550041065000440046565000280050965000410053770000260057883000530060495201210065795201270077899900170090500002596420200930024204.0110217s1998 mx ab r 000 | spa d a8420518778 aDO-SdBNPbspacBNPHU a302.2bM764c, 19981 aMontaner, Pedro,95285010a¿Cómo nos comunicamos? :bdel gesto a la telemática /cPedro Montaner, Rafael Moyano. a2a ed. aMéxico :bAddison Wesley,c1998. a126 p. :bil. ;c23 cm.0 aBiblioteca de Recursos Didácticos BREDA a2a. reimpr. noviembre 1996. aLa biblioteca posee la 2a. reimpresión del 1996. 4aComunicaciónxAspectos sociales91659 4aLenguaje y lenguas9407 4aComunicación hombrexAnimal9528511 aMoyano, Rafael952852 0aBiblioteca de Recursos Didácticos BREDA952853 001050718MOaGRbGRcHDd2011-02-24iLF1l0o302.2 M764c, 1998p25964-10r2020-06-25w2020-06-25y1ZNo se presta 001150718MOaGRbGRcMId2017-06-06iLF1l0o302.2 M764c, 1998p25964-20r2020-06-25te. 2w2020-06-25y1ZNo se presta c25456d25456